000 00530cam a2200205ua 4500
001 7864
005 20260515114249.0
008 141229n ii |||gr||||Z||||||ben
040 _cMAIN
041 _aben
082 _a891.451
100 _aBandyopadhyaya, S. M.,
_eAuthor.
245 1 _aAsomiya sahitya
_cBy Sudhangu Mohan Bandyopadhyaya
250 _a1st.
260 _aKolkatta:
_bBiswabharati,
_c1959.
300 _a62p.
653 _aEast Indo-European & Celtic literatures
653 _aAssamese literature
942 _cBK
999 _c6979
_d6979